Entry Nombre personal
001 - NÚMERO DE CONTROL
- campo de control: 18129
003 - IDENTIFICADOR DE NÚMERO DE CONTROL
- campo de control: SpMaBN
005 - FECHA Y HORA DE LA ÚLTIMA TRANSACCIÓN
- campo de control: 20250805065731.0
008 - ELEMENTOS DE DATO DE LONGITUD-FIJA
- campo de control de longitud fija: 910101nn ainnnaabn n aac
016 ## - NÚMERO DE CONTROL DE UNA AGENCIA BIBLIOGRÁFICA NACIONAL
- Número de control del registro: BNE19960812393
040 ## - FUENTE DE CATALOGACIÓN
- Centro catalogador/agencia de origen: SpMaBN
- Lengua de catalogación: spa
- Centro/agencia transcriptor: SpMaBN
- Normas de descripción: rdc
- Convención/Normas de encabezamiento de materia/tesauro: embne
- Centro/agencia modificador: ES-MaACL
046 ## - FECHAS CON CODIFICACIÓN ESPECIAL
- Fecha de nacimiento: 1891
100 1# - ENCABEZAMIENTO-NOMBRE DE PERSONA
- Nombre de persona: Abraira, Carlos,
- Fechas asociadas al nombre: 1891-
375 ## - GÉNERO/SEXO
- Género: Masculino
400 1# - TRAZADO DE VÉASE--NOMBRE DE PERSONA
- Nombre de persona: Abraira López, Carlos,
- Fechas asociadas al nombre: 1891-
670 ## - FUENTE DE DATOS ENCONTRADOS
- Cita de la fuente: Autores do Instituto de Lugo, 2005;
- Información encontrada: P. 23 (Abraira López, Carlos, n. Lugo 1891. Notario)
670 ## - FUENTE DE DATOS ENCONTRADOS
- Información encontrada: (Abraira, Carlos, 1891-)
